[Event "FRA-ch op-B"]
[Site "Caen"]
[Date "2011.08.27"]
[Round "11"]
[White "Belardello, Mario Jovani"]
[Black "Desanlis, Anne Sophie"]
[Result "1/2-1/2"]
[WhiteElo "1877"]
[BlackElo "1941"]
[PlyCount "85"]
[EventDate "2011.08.16"]
[EventType "swiss"]
[EventRounds "11"]
[EventCountry "FRA"]
[SourceTitle "EXT 2012"]
[Source "ChessBase"]
[SourceDate "2011.11.24"]
[SourceVersion "1"]
[SourceVersionDate "2011.11.24"]
[SourceQuality "1"]

1. Nf3 d5 2. d4 Nf6 3. g3 g6 4. Bg2 Bg7 5. c4 0-0 6. 0-0 dxc4 7. Ne5 c6 8. Nxc4 Bf5 9. Nc3 Nbd7 10. e4 Bg4 11. f3 Be6 12. d5 cxd5 13. exd5 Nb6 14. dxe6 Nxc4 15. exf7+ Rxf7 16. Qe2 Nd6 17. Rd1 Kh8 18. Be3 Qa5 19. a3 Nf5 20. Bf2 e5 21. b4 Qc7 22. Nb5 Qe7 23. Bc5 Qe8 24. Bh3 a6 25. Bxf5 axb5 26. Bh3 Nd7 27. Rxd7 Rxd7 28. Bxd7 Qxd7 29. Rd1 Qf5 30. Rd3 h6 31. Kg2 Qf7 32. Qd2 Qc4 33. Rc3 Qe6 34. Qe2 e4 35. Re3 exf3+ 36. Qxf3 Qa2+ 37. Kh3 Qc4 38. Re4 Qc1 39. Re3 Qc4 40. Re4 Qa2 41. Re3 Qc4 42. Re7 Rf8 43. Qe2 1/2-1/2

[Event "Paris-ch op-B 86th"]
[Site "Paris"]
[Date "2011.07.08"]
[Round "7"]
[White "Belardello, Mario Jovani"]
[Black "Schmit, Vincent"]
[Result "1/2-1/2"]
[WhiteElo "1877"]
[BlackElo "1808"]
[PlyCount "26"]
[EventDate "2011.07.02"]
[EventType "swiss"]
[EventRounds "9"]
[EventCountry "FRA"]
[SourceTitle "EXT 2012"]
[Source "ChessBase"]
[SourceDate "2011.11.24"]
[SourceVersion "1"]
[SourceVersionDate "2011.11.24"]
[SourceQuality "1"]

1. Nf3 Nf6 2. c4 g6 3. g3 Bg7 4. Bg2 c5 5. Nc3 Nc6 6. 0-0 0-0 7. d4 cxd4 8. Nxd4 Qb6 9. Nf3 d6 10. a3 Na5 11. Nd2 Be6 12. Nd5 Nxd5 13. cxd5 Bd7 1/2-1/2

[Event "Paris-ch op-B 86th"]
[Site "Paris"]
[Date "2011.07.03"]
[Round "2"]
[White "Ruelle, Cedric"]
[Black "Belardello, Mario Jovani"]
[Result "1-0"]
[WhiteElo "1720"]
[BlackElo "1877"]
[PlyCount "138"]
[EventDate "2011.07.02"]
[EventType "swiss"]
[EventRounds "9"]
[EventCountry "FRA"]
[SourceTitle "EXT 2012"]
[Source "ChessBase"]
[SourceDate "2011.11.24"]
[SourceVersion "1"]
[SourceVersionDate "2011.11.24"]
[SourceQuality "1"]

1. e4 c6 2. d4 d5 3. Nc3 dxe4 4. Nxe4 Bf5 5. Ng3 Bg6 6. h4 h6 7. h5 Bh7 8. Nf3 Nd7 9. Bd3 Bxd3 10. Qxd3 e6 11. Bf4 Qa5+ 12. Bd2 Qc7 13. 0-0-0 Ngf6 14. Kb1 Be7 15. c4 Ng4 16. Qe2 0-0 17. Rc1 Rfe8 18. Bc3 Rad8 19. Ka1 Bd6 20. Ne4 Bf4 21. Nfd2 f5 22. g3 Bxd2 23. Bxd2 fxe4 24. Qxg4 Nf6 25. Qe2 Qd7 26. Bc3 b5 27. Rcd1 bxc4 28. Qxc4 Qd5 29. Qe2 Qb5 30. Rde1 Rd5 31. Qe3 Rxh5 32. Rxh5 Qxh5 33. Qe2 Qf5 34. Bd2 Rd8 35. Be3 Qa5 36. Rc1 Qa4 37. Qc2 Qxc2 38. Rxc2 Rc8 39. b4 Rb8 40. a3 a5 41. bxa5 Ra8 42. Rxc6 Rxa5 43. Ka2 Kf7 44. Rb6 Nd5 45. Rb7+ Kf6 46. Kb3 h5 47. Bd2 Ra6 48. a4 g6 49. a5 e5 50. Kc4 Ke6 51. dxe5 Kxe5 52. Rb5 Rc6+ 53. Rc5 Rxc5+ 54. Kxc5 Ke6 55. Kc6 Ne7+ 56. Kb7 Kd7 57. a6 Nc6 58. Be3 g5 59. a7 Nxa7 60. Bxa7 h4 61. g4 Ke6 62. Kc6 Ke5 63. Bb8+ Kd4 64. Bc7 Kd3 65. Kd5 h3 66. Bh2 e3 67. fxe3 Kxe3 68. Ke5 Kf3 69. Kf5 Kg2 1-0

[Event "Paris-ch op-A"]
[Site "Paris"]
[Date "2010.07.10"]
[Round "8"]
[White "Belardello, Mario Jovani"]
[Black "Mottonen, Ari"]
[Result "0-1"]
[WhiteElo "1936"]
[BlackElo "2048"]
[PlyCount "62"]
[EventDate "2010.07.03"]
[EventType "swiss"]
[EventRounds "9"]
[EventCountry "FRA"]
[SourceTitle "CBM 137 Extra"]
[Source "ChessBase"]
[SourceDate "2010.09.01"]
[SourceVersion "1"]
[SourceVersionDate "2010.09.01"]
[SourceQuality "1"]

1. c4 Nf6 2. g3 e6 3. Bg2 c5 4. Nf3 Nc6 5. 0-0 Be7 6. b3 d5 7. e3 0-0 8. Bb2 b6 9. cxd5 Nxd5 10. d4 cxd4 11. Nxd4 Nxd4 12. Bxd4 Ba6 13. Re1 Rc8 14. Nd2 Nb4 15. Qg4 g6 16. Red1 Nc2 17. Rac1 Nxd4 18. exd4 Ba3 19. Rxc8 Qxc8 20. h4 Qc2 21. h5 Bb4 22. hxg6 hxg6 23. Be4 Bd3 24. Bxd3 Qxd3 25. Ne4 Qc2 26. Kg2 Kg7 27. Qf3 Be7 28. Rd2 Qc1 29. d5 f5 30. Qc3+ Qxc3 31. Nxc3 Bb4 0-1

[Event "Paris op 64"]
[Site "Paris"]
[Date "2003.??.??"]
[Round "5"]
[White "Belardello, Mario Jovani"]
[Black "Laurence, Christophe"]
[Result "0-1"]
[WhiteElo "1760"]
[BlackElo "2151"]
[PlyCount "42"]
[EventDate "2003.??.??"]
[EventType "swiss"]
[EventRounds "7"]
[EventCountry "FRA"]
[SourceTitle "EXT 2004"]
[Source "ChessBase"]
[SourceDate "2003.11.25"]
[SourceVersion "1"]
[SourceVersionDate "2003.11.25"]
[SourceQuality "1"]

1. c4 Nf6 2. g3 e5 3. Bg2 d6 4. Nc3 c6 5. d4 Nbd7 6. Nf3 Qc7 7. 0-0 Be7 8. Bg5 h6 9. Bxf6 Nxf6 10. Rc1 0-0 11. h3 Rd8 12. Qc2 Qa5 13. Rfd1 exd4 14. Nxd4 Qh5 15. h4 Ng4 16. Bxc6 bxc6 17. Nxc6 Bxh4 18. Rd5 Bg5 19. Kg2 Qh2+ 20. Kf3 Qxf2+ 21. Ke4 f5+ 0-1